| 000 | 00776nam a22002297a 4500 | ||
|---|---|---|---|
| 003 | OSt | ||
| 005 | 20170419165309.0 | ||
| 008 | 170419s2017 spca |001 0aspa|d | ||
| 017 | _aDL B. 299-2017 | ||
| 020 | _a9788499926506 | ||
| 040 |
_bcat _cCDMR |
||
| 100 | 1 |
_aCandel, Francisco _d1925-2007 _92983 |
|
| 245 | 1 | 3 |
_aEl Gran dolor del mundo _b: diarios 1944-1975 / _cFrancisco Candel ; edición de Anna Caballé y Gabriel Jiménez |
| 260 |
_aBarcelona : _bDebate, _c2017 |
||
| 300 |
_a914 p. : _bil. ; _c24 cm |
||
| 504 | _aÍndex | ||
| 600 | 1 | 7 |
_aCandel, Francisco _d1925-2007 _xBiografia _2lemac _92983 |
| 600 | 1 | 7 |
_aCandel, Francisco _d1925-2007 _xDiaris íntims _2lemac _92983 |
| 700 | 1 |
_aCaballé, Anna _d1954-, _eed. _91349 |
|
| 700 | 1 |
_aJiménez, Gabriel, _eed. |
|
| 942 | _cMON | ||
| 999 |
_c7016 _d7016 |
||